Visión de liderazgo: ­Escuchemos a los jóvenes!

Saved in:
Bibliographic Details
Main Author: Ahumada Labbé, Sergio (Author)
Corporate Author: Escuela Militar (Author)
Format: Book
Language:Spanish
Published: Santiago Escuela Militar 2008
Subjects:
Tags: Add Tag
No Tags, Be the first to tag this record!

MARC

LEADER 00000nam a2200000 a 4500
001 UCH9565
003 CL-VaPUC
008 100114e20080000CL |||||||||||||||||spa|d
082 0 4 |a 350  |b AHU  |2 21 
100 0 |a Ahumada Labbé, Sergio  |e author  |9 546722 
110 2 |a Escuela Militar  |e author  |9 546723 
245 1 0 |a Visión de liderazgo: ­Escuchemos a los jóvenes! 
300 |a 30 p 
942 |c BK 
945 |d 20100114 00:00:00  |a cmena 
260 |a Santiago  |b Escuela Militar  |c 2008 
600 0 7 |a ESCUELA MILITAR DEL GENERAL BERNARDO O'HIGGINS  |2 CL-VaPUC  |9 546724 
650 7 |a PERSONAL MILITAR  |2 CL-VaPUC  |9 375811 
650 0 |a Liderazgo  |9 271835 
650 0 |a Formación docente   |9 494449 
650 0 |a Formación profesional   |9 257232 
650 0 |a Juventud  |9 271073 
651 7 |a CHILE  |2 CL-VaPUC  |9 546725 
583 |a last modification  |c 20100114 00:00:00  |k Rodrigo Vera 
999 |c 339486  |d 339484